000 00687nam a2200181Ia 4500
008 100920s9999 xx 000 0 und d
082 _b60152
_a51 थ 93
100 _aसाळुंखे आ. ह.
245 _aमहाभारतातील स्त्रिया भाग 1.
260 _bसाळुंखे राकेश आ., सातारा.
_c1993
300 _a117
_bसाधी
365 _b45
520 _aचरित्र.
630 _aमहाभारतातील स्त्रिया भाग 1.
650 _aचरित्र.
730 _aमहाभारतातील स्त्रिया भाग 1.
942 _cBOOK
999 _c703460
_d703457